All WWE World Heavyweight Mens Champions - Statistics

General Stats
  • This quiz has been taken 25 times
  • The average score is 26 of 63
Answer Stats
Dates Days Answer No. % Correct
Nov 25 - present 2 CM Punk 5
100%
Aug 25 - Oct 25 78 Seth Rollins 2
100%
Aug 25 <1 CM Punk 4
94%
Jun 25 - Aug 25 53 Gunther 2
94%
Aug 24 - Apr 25 258 Gunther 1
94%
Apr 25 - Jun 25 51 Jey Uso 1
94%
Apr 24 - Aug 24 118 Damian Priest 1
81%
Apr 24 <1 Drew McIntyre 1
75%
May 23 - Apr 24 316 Seth Rollins 1
75%
Oct 13 - Dec 13 49 John Cena 3
56%
Dec 13 <1 Randy Orton 4
50%
May 11 - Jul 11 71 Randy Orton 2
50%
Jun 13 - Oct 13 133 Alberto del Rio 1
44%
May 11 4 Christian 1
44%
Jan 13 - Apr 13 89 Alberto del Rio 1
38%
Apr 05 - Jan 06 281 Batista 1
38%
Apr 13 - Jun 13 69 Dolph Ziggler 2
38%
Dec 10 - Feb 11 60 Edge 6
38%
Apr 09 - Jun 09 41 Edge 5
38%
Feb 09 - Apr 09 48 Edge 4
38%
Jun 08 28 Edge 3
38%
May 07 - Jul 07 69 Edge 1
38%
Apr 10 - Jun 10 78 Jack Swagger 1
38%
Apr 09 20 John Cena 2
38%
Nov 08 - Feb 09 83 John Cena 1
38%
Aug 11 - Sep 11 34 Randy Orton 3
38%
Aug 04 - Sep 04 27 Randy Orton 1
38%
Apr 06 - Jul 06 111 Rey Mysterio 1
38%
Nov 02 - Dec 02 27 Shawn Michaels 1
38%
Apr 12 - Oct 12 210 Sheamus 1
38%
Sep 02 - Nov 02 75 Triple H 1
38%
Oct 08 - Nov 08 7 Batista 4
31%
Sep 07 - Dec 07 90 Batista 3
31%
Nov 06 - Apr 07 125 Batista 2
31%
Dec 11 <11 Big Show 1
31%
Mar 04 - Aug 04 153 Chris Benoit 1
31%
Feb 10 - Apr 10 39 Chris Jericho 3
31%
Jul 11 - Aug 11 27 Christian 2
31%
Aug 09 - Oct 09 41 CM Punk 3
31%
Jun 09 - Jul 09 48 CM Punk 2
31%
Dec 11 - Apr 12 104 Daniel Bryan 1
31%
Feb 11 - Apr 11 54 Edge 7
31%
Dec 07 - Mar 08 105 Edge 2
31%
Jul 09 - Aug 09 27 Jeff Hardy 2
31%
Jun 09 <1 Jeff Hardy 1
31%
Jul 10 - Dec 10 153 Kane 1
31%
Jul 06 - Nov 06 125 King Booker 1
31%
Jan 06 - Apr 06 81 Kurt Angle 1
31%
Sep 11 - Dec 11 91 Mark Henry 1
31%
Jun 10 - Jul 10 27 Rey Mysterio 2
31%
Sep 04 - Apr 05 167 Triple H 4
31%
Oct 09 - Feb 10 139 Undertaker 3
31%
Apr 07 - May 07 36 Undertaker 1
31%
Oct 12 - Jan 13 72 Big Show 2
25%
Sep 08 - Oct 08 48 Chris Jericho 1
25%
Jun 08 - Sep 08 68 CM Punk 1
25%
Feb 11 <1 Dolph Ziggler 1
25%
Sep 03 - Dec 03 83 Goldberg 1
25%
Jul 07 - Sep 07 60 The Great Khali 1
25%
Dec 03 - Mar 04 90 Triple H 3
25%
Dec 02 - Sep 03 279 Triple H 2
25%
Nov 08 19 Chris Jericho 2
19%
Mar 08 - Jun 08 32 Undertaker 2
19%
No matching quizzes found
Score Distribution
Percent of People with Each Score
Percentile by Number Answered
Your Score History
You have not taken this quiz